000 00292 a2200109 4500
005 20260219120220.0
020 _a9781647405625
100 _aAIDEN WILLIAMS
_910330
245 _aPrinciples of marine and lake sedimentology
260 _bSyrawood publishing house, New York
_c2025,
942 _cBK
999 _c756434
_d756434